书目信息 |
| 题名: |
格斗技的科学
|
|
| 作者: | 吉福康郎 著 ;宋卓时 译 | |
| 分册: | ||
| 出版信息: | 北京 北京科学技术出版社 2021.5 |
|
| 页数: | 216页 | |
| 开本: | 24cm | |
| 丛书名: | 功夫探索丛书 | |
| 单 册: | ||
| 中图分类: | G85 | |
| 科图分类: | ||
| 主题词: | 格斗 | |
| 电子资源: | ||
| ISBN: | 978-7-5714-1099-5 | |
| 000 | 01001nam0 2200289 45 | |
| 001 | 012001001835 | |
| 005 | 20141011152330.0 | |
| 010 | @a978-7-5714-1099-5@dCNY129.00 | |
| 100 | @a20210624d2021 em y0chiy50 ea | |
| 101 | 1 | @achi@cjpn |
| 102 | @aCN@b110000 | |
| 105 | @aa z 001yy | |
| 106 | @ar | |
| 200 | 1 | @a格斗技的科学@Age dou ji de ke xue@b专著@e以弱胜强的秘密@f(日)吉福康郎著@g宋卓时译 |
| 210 | @a北京@c北京科学技术出版社@d2021.5 | |
| 215 | @a216页@c彩图,彩照@d24cm | |
| 225 | 1 | @a功夫探索丛书 |
| 225 | 1 | @a人文武术精品书系 |
| 330 | @a本书共7章,内容包括:击打的科学;拳法的科学;腿法的科学;抓拿法、摔投技法、反关节技的科学;防守的科学;训练和修行的科学;徒手打斗与持械对抗的科学。 | |
| 461 | 0 | @12001 @a功夫探索丛书 |
| 461 | 0 | @12001 @a人文武术精品书系 |
| 606 | 0 | @a格斗 |
| 690 | @aG85@v5 | |
| 701 | 0 | @c(日)@a吉福康郎@Aji fu kang lang@f(1944-)@4著 |
| 702 | 0 | @a宋卓时@Asong zhuo shi@f(1982-)@4译 |
| 801 | 2 | @aCN@b江苏凤凰@c20211018 |
| 905 | @b1345906-9@dG85@e535@f4 | |
| 格斗技的科学:以弱胜强的秘密/(日)吉福康郎著/宋卓时译.-北京:北京科学技术出版社,2021.5 |
| 216页:彩图,彩照;24cm.-(功夫探索丛书).-(人文武术精品书系) |
| ISBN 978-7-5714-1099-5:CNY129.00 |
| 本书共7章,内容包括:击打的科学;拳法的科学;腿法的科学;抓拿法、摔投技法、反关节技的科学;防守的科学;训练和修行的科学;徒手打斗与持械对抗的科学。 |
| ● |
| 相关链接 |
|
|
|
|
正题名:格斗技的科学
索取号:G85/535
 
预约/预借
| 序号 | 登录号 | 条形码 | 馆藏地/架位号 | 状态 | 备注 |
| 1 | 1345906 | 213459069 | 第一样本阅览室/ [索取号:G85/535] | 在馆 | |
| 2 | 1345907 | 213459078 | 第四借阅区/ [索取号:G85/535] | 在馆 | |
| 3 | 1345908 | 213459087 | 第四借阅区/ [索取号:G85/535] | 在馆 | |
| 4 | 1345909 | 213459096 | 第四借阅区/ [索取号:G85/535] | 在馆 |